[Event "Baltic zt III Stage"]
[Site "Liepaja"]
[Date "2018.07.14"]
[Round "8"]
[White "Kveinys, Aloyzas"]
[Black "Haavamae, Henrik"]
[Result "0-1"]
[WhiteElo "2537"]
[BlackElo "2185"]
[PlyCount "138"]
[EventDate "2018.07.09"]
[EventType "swiss"]
[EventRounds "9"]
[EventCountry "LAT"]
[SourceTitle "CBM 185 Extra"]
[Source "ChessBase"]
[SourceDate "2018.07.29"]
[SourceVersion "1"]
[SourceVersionDate "2018.07.29"]
[SourceQuality "1"]

1. d4 Nf6 2. c4 e6 3. g3 d5 4. Nf3 dxc4 5. Bg2 Nbd7 6. 0-0 Rb8 7. a4 b6 8. Bg5 Bb7 9. Nbd2 Be7 10. Nxc4 0-0 11. Qd3 Ne4 12. Bf4 Ndf6 13. Nfe5 Rc8 14. Bg5 Bd5 15. Bxf6 Nxf6 16. Nc6 Bxc6 17. Bxc6 Nd5 18. Rfd1 Nb4 19. Qe4 Nxc6 20. Qxc6 Bd6 21. Rac1 Qe7 22. e4 Rfd8 23. Kg2 Qe8 24. Ne3 Qxc6 25. Rxc6 Bb4 26. Kf3 Rd7 27. Rdc1 Rcd8 28. R1c4 Rxd4 29. Rxd4 Rxd4 30. Nc2 Rd3+ 31. Ke2 Rb3 32. Rxc7 Rxb2 33. Kd3 Rb3+ 34. Kd4 Bc5+ 35. Kc4 Rf3 36. Ne1 Rxf2 37. Nd3 Rxh2 38. Rxa7 g5 39. a5 Be3 40. Ra8+ Kg7 41. a6 h5 42. Nb4 b5+ 43. Kd3 Bc5 44. a7 Kf6 45. e5+ Kxe5 46. Nc6+ Kf6 47. Rh8 Bxa7 48. Nxa7 b4 49. Nc6 b3 50. Nd4 b2 51. Rb8 Rg2 52. Ne2 Kf5 53. Rxb2 Kg4 54. Ke3 f5 55. Rb4+ Kh3 56. Rb5 Rxg3+ 57. Nxg3 Kxg3 58. Ke2 Kg2 59. Re5 h4 60. Kd2 g4 61. Re2+ Kf1 62. Re1+ Kf2 63. Re2+ Kg3 64. Re3+ Kf4 65. Rxe6 h3 66. Ke2 h2 67. Rh6 g3 68. Rh4+ Kg5 69. Rh8 g2 0-1

[Event "Baltic zt III Stage"]
[Site "Liepaja"]
[Date "2018.07.13"]
[Round "7"]
[White "Rogule, Laura"]
[Black "Kveinys, Aloyzas"]
[Result "1-0"]
[WhiteElo "2320"]
[BlackElo "2537"]
[PlyCount "107"]
[EventDate "2018.07.09"]
[EventType "swiss"]
[EventRounds "9"]
[EventCountry "LAT"]
[SourceTitle "CBM 185 Extra"]
[Source "ChessBase"]
[SourceDate "2018.07.29"]
[SourceVersion "1"]
[SourceVersionDate "2018.07.29"]
[SourceQuality "1"]

1. d4 Nf6 2. c4 e6 3. Nf3 d5 4. Bg5 h6 5. Bxf6 Qxf6 6. e3 c6 7. Nbd2 Nd7 8. a3 g6 9. Be2 Bg7 10. 0-0 0-0 11. b4 Qe7 12. cxd5 exd5 13. Qb3 a6 14. a4 Nb6 15. Rfc1 Be6 16. Qc3 Nc8 17. Qc5 Re8 18. Nb3 Bf5 19. Nfd2 h5 20. Bf1 Bf8 21. b5 Qf6 22. Qc3 axb5 23. axb5 Rxa1 24. Rxa1 Bd6 25. Ra8 Rf8 26. Na5 cxb5 27. Bxb5 Qe7 28. Qb3 Qc7 29. Qxd5 Bxh2+ 30. Kh1 Nd6 31. Rxf8+ Kxf8 32. Bf1 b6 33. Nab3 Ne8 34. g3 Bxg3 35. fxg3 Qxg3 36. Qf3 Qh4+ 37. Kg1 Nf6 38. Qf2 Qg5+ 39. Bg2 Nd5 40. Nf1 h4 41. Kh2 Nc3 42. Nbd2 Qh6 43. e4 Bd7 44. d5 Qg5 45. Qxb6 Qe5+ 46. Kh1 Kg7 47. Nc4 Qf6 48. Qxf6+ Kxf6 49. e5+ Ke7 50. Nfe3 f6 51. d6+ Ke6 52. Bh3+ f5 53. Nc2 Ne2 54. Bg2 1-0

[Event "Baltic zt III Stage"]
[Site "Liepaja"]
[Date "2018.07.11"]
[Round "4"]
[White "Vicas, Marijus"]
[Black "Kveinys, Aloyzas"]
[Result "1-0"]
[WhiteElo "2183"]
[BlackElo "2537"]
[PlyCount "45"]
[EventDate "2018.07.09"]
[EventType "swiss"]
[EventRounds "9"]
[EventCountry "LAT"]
[SourceTitle "CBM 185 Extra"]
[Source "ChessBase"]
[SourceDate "2018.07.29"]
[SourceVersion "1"]
[SourceVersionDate "2018.07.29"]
[SourceQuality "1"]

1. e4 c5 2. Nf3 Nc6 3. d4 cxd4 4. Nxd4 Qb6 5. Nb3 Nf6 6. Nc3 e6 7. Bd3 a6 8. Be3 Qc7 9. 0-0 b5 10. f4 d6 11. Qf3 Bb7 12. a3 Be7 13. Rae1 0-0 14. Qh3 Rad8 15. g4 b4 16. g5 bxc3 17. gxf6 gxf6 18. Rf3 Kh8 19. Kf2 Rg8 20. Rg3 Rg6 21. Reg1 Rdg8 22. f5 exf5 23. Qxh7+ 1-0

[Event "Panevezys Elite op"]
[Site "Panevezys"]
[Date "2018.07.04"]
[Round "7"]
[White "Ratsma, Midas"]
[Black "Kveinys, Aloyzas"]
[Result "0-1"]
[WhiteElo "2253"]
[BlackElo "2519"]
[PlyCount "42"]
[EventDate "2018.06.29"]
[EventType "swiss"]
[EventRounds "9"]
[EventCountry "LTU"]
[SourceTitle "CBM 185 Extra"]
[Source "ChessBase"]
[SourceDate "2018.07.29"]
[SourceVersion "1"]
[SourceVersionDate "2018.07.29"]
[SourceQuality "1"]

1. d4 Nf6 2. c4 e6 3. Nc3 Bb4 4. Qc2 0-0 5. Nf3 c5 6. dxc5 Bxc5 7. Bf4 b6 8. e3 Bb7 9. Be2 Be7 10. Rd1 a6 11. 0-0 Qc8 12. Ng5 h6 13. Nge4 Ne8 14. Qb3 Nc6 15. Na4 Na5 16. Qxb6 Bxe4 17. Qxa5 Qc6 18. Nc3 Bxg2 19. Nd5 Bd8 20. Qxd8 exd5 21. cxd5 Qg6 0-1

[Event "Panevezys Elite op"]
[Site "Panevezys"]
[Date "2018.06.30"]
[Round "2"]
[White "Badelka, Olga"]
[Black "Kveinys, Aloyzas"]
[Result "0-1"]
[WhiteElo "2407"]
[BlackElo "2519"]
[PlyCount "100"]
[EventDate "2018.06.29"]
[EventType "swiss"]
[EventRounds "9"]
[EventCountry "LTU"]
[SourceTitle "CBM 185 Extra"]
[Source "ChessBase"]
[SourceDate "2018.07.29"]
[SourceVersion "1"]
[SourceVersionDate "2018.07.29"]
[SourceQuality "1"]

1. c4 c6 2. Nf3 d5 3. e3 Nf6 4. b3 Bf5 5. Bb2 Nbd7 6. Be2 h6 7. d3 e6 8. Qc2 Be7 9. Nbd2 0-0 10. 0-0 Re8 11. a3 a5 12. Bc3 Bf8 13. b4 axb4 14. axb4 dxc4 15. Nxc4 Nd5 16. Rxa8 Qxa8 17. Ra1 Qb8 18. e4 Nxc3 19. Qxc3 Bg4 20. Nd4 Bxe2 21. Nxe2 Nf6 22. h3 Rd8 23. Rb1 Qc7 24. Ne5 Bd6 25. Nc4 Be7 26. Ne5 Qb6 27. Nc4 Qa6 28. Qc2 Ne8 29. Nc3 Nc7 30. Rb2 b5 31. Nd2 Qb6 32. Na2 Na6 33. Nf3 c5 34. bxc5 Bxc5 35. Rb1 b4 36. Nc1 Bd4 37. Kf1 Qb5 38. Ke2 Bf6 39. Nb3 Bc3 40. Nc1 Qd7 41. Na2 Rc8 42. Rc1 Rc7 43. Qb1 Qa4 44. Nd2 Bxd2 45. Rxc7 Nxc7 46. Kxd2 b3 47. Nc1 Qb4+ 48. Kd1 b2 49. Ne2 Qb3+ 50. Kd2 Nb5 0-1

[Event "Panevezys Elite op"]
[Site "Panevezys"]
[Date "2018.06.29"]
[Round "1"]
[White "Kveinys, Aloyzas"]
[Black "Bjerre, Jonas Buhl"]
[Result "1/2-1/2"]
[WhiteElo "2519"]
[BlackElo "2436"]
[PlyCount "39"]
[EventDate "2018.06.29"]
[EventType "swiss"]
[EventRounds "9"]
[EventCountry "LTU"]
[SourceTitle "CBM 185 Extra"]
[Source "ChessBase"]
[SourceDate "2018.07.29"]
[SourceVersion "1"]
[SourceVersionDate "2018.07.29"]
[SourceQuality "1"]

1. d4 Nf6 2. c4 e6 3. Nf3 Bb4+ 4. Bd2 a5 5. g3 b6 6. Bg2 Bb7 7. 0-0 0-0 8. Bf4 Be7 9. Nc3 Ne4 10. Nb5 Na6 11. Ne5 d6 12. Nd3 d5 13. Rc1 c6 14. cxd5 cxb5 15. Bxe4 Bxd5 16. Bxd5 Qxd5 17. Qb3 Qxb3 18. axb3 Rac8 19. Ne5 Nb8 20. Rfd1 1/2-1/2

[Event "Ortisei Server24 op 4th"]
[Site "Ortisei"]
[Date "2018.06.22"]
[Round "7"]
[White "Kveinys, Aloyzas"]
[Black "Kumar, Nikhil"]
[Result "1/2-1/2"]
[WhiteElo "2519"]
[BlackElo "2286"]
[PlyCount "111"]
[EventDate "2018.06.16"]
[EventType "tourn"]
[EventRounds "9"]
[EventCountry "ITA"]
[SourceTitle "CBM 185 Extra"]
[Source "ChessBase"]
[SourceDate "2018.07.29"]
[SourceVersion "1"]
[SourceVersionDate "2018.07.29"]
[SourceQuality "1"]

1. d4 Nf6 2. c4 e6 3. Nc3 Bb4 4. e3 0-0 5. Bd3 d5 6. Nf3 c5 7. 0-0 cxd4 8. exd4 dxc4 9. Bxc4 b6 10. Bg5 Bb7 11. Re1 Nbd7 12. Qd3 Rc8 13. Rac1 h6 14. Bh4 Be7 15. Ba6 Bxa6 16. Qxa6 Qc7 17. d5 Nc5 18. Qe2 Nh5 19. Bg3 Nxg3 20. hxg3 a5 21. Nd4 Bf6 22. Ncb5 Qd7 23. dxe6 Nxe6 24. Nxe6 Qxe6 25. Qxe6 fxe6 26. b3 Rxc1 27. Rxc1 Rd8 28. Rc2 Rd1+ 29. Kh2 Rb1 30. Na3 Rb2 31. g4 a4 32. Rxb2 Bxb2 33. Nc4 Bd4 34. Kg3 axb3 35. axb3 Kf7 36. f3 g5 37. Kh3 Kf6 38. g3 Bc5 39. f4 b5 40. Nd2 Be3 41. Ne4+ Kg6 42. fxg5 Bxg5 43. Kg2 Bd8 44. Kf3 Bc7 45. Nc3 b4 46. Ne4 Bd8 47. Ke2 Bc7 48. Kd3 h5 49. gxh5+ Kxh5 50. Ke3 Kg4 51. Kf2 Bb6+ 52. Kg2 Bd4 53. Nf2+ Kf5 54. Nd3 Kg4 55. Nxb4 Be5 56. Nd3 1/2-1/2

[Event "Ortisei Server24 op 4th"]
[Site "Ortisei"]
[Date "2018.06.21"]
[Round "6"]
[White "Tarlev, Konstantin"]
[Black "Kveinys, Aloyzas"]
[Result "1/2-1/2"]
[WhiteElo "2552"]
[BlackElo "2519"]
[PlyCount "23"]
[EventDate "2018.06.16"]
[EventType "tourn"]
[EventRounds "9"]
[EventCountry "ITA"]
[SourceTitle "CBM 185 Extra"]
[Source "ChessBase"]
[SourceDate "2018.07.29"]
[SourceVersion "1"]
[SourceVersionDate "2018.07.29"]
[SourceQuality "1"]

1. e4 e5 2. Nf3 Nf6 3. d4 Nxe4 4. Bd3 d5 5. Nxe5 Nd7 6. Nc3 Nxc3 7. bxc3 Bd6 8. 0-0 0-0 9. Re1 c6 10. Bf4 Nxe5 11. dxe5 Be7 12. a4 1/2-1/2

[Event "LAT-chT"]
[Site "Riga"]
[Date "2018.06.09"]
[Round "2.6"]
[White "Mustaps, Matiss"]
[Black "Kveinys, Aloyzas"]
[Result "1/2-1/2"]
[WhiteElo "2329"]
[BlackElo "2519"]
[PlyCount "34"]
[EventDate "2018.06.09"]
[EventType "team-tourn"]
[EventRounds "11"]
[EventCountry "LAT"]
[SourceTitle "CBM 184 Extra"]
[Source "ChessBase"]
[SourceDate "2018.06.28"]
[SourceVersion "1"]
[SourceVersionDate "2018.06.28"]
[SourceQuality "1"]
[WhiteTeam "Ventspils"]
[BlackTeam "Riga Technical Univ"]
[WhiteTeamCountry "LAT"]
[BlackTeamCountry "LAT"]

1. e4 c5 2. Nf3 e6 3. d4 cxd4 4. Nxd4 a6 5. Nc3 Qc7 6. Bd3 Nf6 7. f4 b5 8. a3 Bb7 9. Qe2 d6 10. g4 g6 11. Bd2 Bg7 12. f5 gxf5 13. gxf5 e5 14. Nb3 Nbd7 15. 0-0-0 Bf8 16. Kb1 Be7 17. Rhg1 Rc8 1/2-1/2

[Event "FRA-chT Top 12"]
[Site "Brest"]
[Date "2018.06.03"]
[Round "9"]
[White "Kveinys, Aloyzas"]
[Black "Bluebaum, Matthias"]
[Result "1/2-1/2"]
[WhiteElo "2493"]
[BlackElo "2633"]
[PlyCount "44"]
[EventDate "2018.05.26"]
[EventType "team-tourn"]
[EventRounds "11"]
[EventCountry "FRA"]
[SourceTitle "EXT 2019"]
[Source "ChessBase"]
[SourceDate "2018.10.10"]
[SourceVersion "1"]
[SourceVersionDate "2018.10.10"]
[SourceQuality "1"]
[WhiteTeam "Saint Quentin"]
[BlackTeam "Mulhouse Philidor"]
[WhiteTeamCountry "FRA"]
[BlackTeamCountry "FRA"]

1. c4 e6 2. Nf3 d5 3. d4 Nf6 4. g3 dxc4 5. Qa4+ Nbd7 6. Bg2 a6 7. Qxc4 b5 8. Qc6 Rb8 9. Bf4 Nd5 10. Bg5 Be7 11. Bxe7 Qxe7 12. Nc3 Qb4 13. 0-0 Nxc3 14. bxc3 Qd6 15. Qxd6 cxd6 16. a4 Nb6 17. axb5 axb5 18. Nd2 Bd7 19. Rfb1 Ke7 20. Ra7 Nc8 21. Raa1 Nb6 22. Ra7 Nc8 1/2-1/2

[Event "FRA-chT Top 12"]
[Site "Brest"]
[Date "2018.05.31"]
[Round "6.1"]
[White "Riazantsev, Alexander"]
[Black "Kveinys, Aloyzas"]
[Result "1/2-1/2"]
[WhiteElo "2662"]
[BlackElo "2493"]
[PlyCount "67"]
[EventDate "2018.05.26"]
[EventType "team-tourn"]
[EventRounds "11"]
[EventCountry "FRA"]
[SourceTitle "EXT 2019"]
[Source "ChessBase"]
[SourceDate "2018.10.10"]
[SourceVersion "1"]
[SourceVersionDate "2018.10.10"]
[SourceQuality "1"]
[WhiteTeam "Metz Fischer"]
[BlackTeam "Saint Quentin"]
[WhiteTeamCountry "FRA"]
[BlackTeamCountry "FRA"]

1. d4 Nf6 2. c4 e6 3. Nc3 Bb4 4. e3 0-0 5. Nf3 c5 6. Bd3 Nc6 7. 0-0 Bxc3 8. bxc3 d6 9. e4 e5 10. d5 Ne7 11. Nh4 h6 12. g3 Ng6 13. Ng2 Nh7 14. Qh5 Qd7 15. Bd2 Qg4 16. Qxg4 Bxg4 17. f3 Bd7 18. Rfb1 Rab8 19. Ne3 Ne7 20. f4 exf4 21. gxf4 Ng6 22. Rf1 f5 23. Nxf5 Bxf5 24. exf5 Nh4 25. Rae1 Nxf5 26. Re6 Rbd8 27. Kg2 Rf7 28. Rfe1 Nf8 29. Re8 Rxe8 30. Rxe8 g6 31. Rd8 Rd7 32. Ra8 b6 33. Kf3 Kf7 34. Be1 1/2-1/2

[Event "FRA-chT Top 12"]
[Site "Brest"]
[Date "2018.05.26"]
[Round "1"]
[White "Donchenko, Alexander"]
[Black "Kveinys, Aloyzas"]
[Result "0-1"]
[WhiteElo "2587"]
[BlackElo "2493"]
[PlyCount "140"]
[EventDate "2018.05.26"]
[EventType "team-tourn"]
[EventRounds "11"]
[EventCountry "FRA"]
[SourceTitle "EXT 2019"]
[Source "ChessBase"]
[SourceDate "2018.10.10"]
[SourceVersion "1"]
[SourceVersionDate "2018.10.10"]
[SourceQuality "1"]
[WhiteTeam "Vandoeuvre"]
[BlackTeam "Saint Quentin"]
[WhiteTeamCountry "FRA"]
[BlackTeamCountry "FRA"]

1. d4 d5 2. c4 c6 3. Nf3 Nf6 4. Qc2 e6 5. Nbd2 c5 6. dxc5 Na6 7. e3 Nxc5 8. cxd5 exd5 9. b4 Nce4 10. Bb2 Bd7 11. a3 Rc8 12. Qb3 Nxd2 13. Nxd2 Bd6 14. Be2 a5 15. 0-0 axb4 16. axb4 0-0 17. Rfd1 Be6 18. Bd4 Qe7 19. Nf3 Ne4 20. Qb2 f6 21. b5 Bb8 22. Rdc1 Bd6 23. Qb3 Nc5 24. Qd1 Rfd8 25. Bb2 Bf7 26. Nd4 Qe5 27. g3 h5 28. Rab1 Qg5 29. Ba3 Re8 30. h4 Qe5 31. Nc6 bxc6 32. Bxc5 Bg6 33. Bd4 Qe6 34. Bxh5 Bxb1 35. Rxb1 c5 36. Bxe8 Rxe8 37. Ba1 Bc7 38. Qc2 Bb6 39. Rd1 Rd8 40. Qa2 Kf7 41. Qa3 Qe4 42. Qb3 Ke6 43. Qa2 Kf5 44. Qe2 Ke6 45. Bc3 d4 46. Qa2+ Kf5 47. exd4 cxd4 48. Re1 Qd5 49. Qb1+ d3 50. Qd1 Kg6 51. Qg4+ Kf7 52. Bb4 Bc5 53. Bxc5 Qxc5 54. Qe6+ Kf8 55. b6 d2 56. Rd1 Re8 57. Qd7 Re1+ 58. Kg2 Rxd1 59. b7 Rb1 60. Qc8+ Kf7 61. Qxc5 d1Q 62. Qc4+ Kg6 63. Qe4+ Kh6 64. Qf4+ Kh7 65. Qe4+ g6 66. Qe7+ Kh6 67. Qf8+ Kh5 68. Qh8+ Kg4 69. Qc8+ f5 70. Qc4+ Kh5 0-1

[Event "Fagernes TV2 IM"]
[Site "Fagernes"]
[Date "2018.03.30"]
[Round "7"]
[White "Kveinys, Aloyzas"]
[Black "Stanford, Sheila Barth"]
[Result "1-0"]
[WhiteElo "2511"]
[BlackElo "2186"]
[PlyCount "45"]
[EventDate "2018.03.25"]
[EventType "tourn"]
[EventRounds "9"]
[EventCountry "NOR"]
[EventCategory "2"]
[SourceTitle "CBM 183 Extra"]
[Source "ChessBase"]
[SourceDate "2018.04.19"]
[SourceVersion "1"]
[SourceVersionDate "2018.04.19"]
[SourceQuality "1"]

1. d4 Nf6 2. c4 g6 3. Nc3 d5 4. Bg5 Ne4 5. Bh4 Nxc3 6. bxc3 Bg7 7. e3 c5 8. Nf3 Nc6 9. Be2 dxc4 10. Bxc4 0-0 11. 0-0 Bg4 12. h3 Bxf3 13. Qxf3 Qa5 14. Rfc1 Rac8 15. Rab1 Qa3 16. Bb3 cxd4 17. cxd4 Nxd4 18. Qxf7+ Rxf7 19. Rxc8+ Bf8 20. exd4 Kg7 21. Bxf7 Kxf7 22. Rb3 Qxa2 23. Rf3+ 1-0

[Event "Fagernes TV2 IM"]
[Site "Fagernes"]
[Date "2018.03.26"]
[Round "2"]
[White "Nordquelle, Daniel"]
[Black "Kveinys, Aloyzas"]
[Result "0-1"]
[WhiteElo "2200"]
[BlackElo "2511"]
[PlyCount "110"]
[EventDate "2018.03.25"]
[EventType "tourn"]
[EventRounds "9"]
[EventCountry "NOR"]
[EventCategory "2"]
[SourceTitle "CBM 183 Extra"]
[Source "ChessBase"]
[SourceDate "2018.04.19"]
[SourceVersion "1"]
[SourceVersionDate "2018.04.19"]
[SourceQuality "1"]

1. e4 c5 2. c3 d5 3. exd5 Qxd5 4. d4 Nf6 5. Nf3 e6 6. Be2 Nc6 7. Be3 cxd4 8. cxd4 Be7 9. 0-0 0-0 10. Nc3 Qd6 11. a3 Rd8 12. b4 b6 13. Qb3 Bb7 14. Rfd1 h6 15. h3 Bf8 16. Rac1 Rac8 17. Rc2 Ne7 18. Rdc1 Qb8 19. Ne5 Nf5 20. Nb5 Rxc2 21. Rxc2 Nd5 22. Bg4 a6 23. Bxf5 axb5 24. Bd3 Bd6 25. Nc6 Bxc6 26. Rxc6 Bf4 27. Bxf4 Qxf4 28. Bxb5 Qxd4 29. Bf1 Qa1 30. Rc2 Ra8 31. Ra2 Qc3 32. Qxc3 Nxc3 33. Ra1 Nd5 34. b5 Ra5 35. Bd3 Nc3 36. Kf1 Kf8 37. Ke1 Ke7 38. Kd2 Nxb5 39. Rb1 Nd6 40. Rxb6 Rxa3 41. Rb2 g5 42. Rb8 f5 43. Rh8 Nf7 44. Rb8 Ne5 45. Be2 Ra2+ 46. Ke1 Ra1+ 47. Kd2 Rg1 48. g4 f4 49. Rh8 Nf7 50. Rc8 Rh1 51. Rc3 Nd6 52. Bf3 Rxh3 53. Ke2 Nf7 54. Rc5 Kf6 55. Ra5 Ne5 0-1

[Event "Reykjavik op"]
[Site "Reykjavik"]
[Date "2018.03.13"]
[Round "8"]
[White "Kveinys, Aloyzas"]
[Black "Lagarde, Maxime"]
[Result "0-1"]
[WhiteElo "2511"]
[BlackElo "2587"]
[PlyCount "64"]
[EventDate "2018.03.06"]
[EventType "swiss"]
[EventRounds "9"]
[EventCountry "ISL"]
[SourceTitle "CBM 183 Extra"]
[Source "ChessBase"]
[SourceDate "2018.04.19"]
[SourceVersion "1"]
[SourceVersionDate "2018.04.19"]
[SourceQuality "1"]

1. Nf3 Nf6 2. c4 g6 3. g3 Bg7 4. Bg2 d5 5. cxd5 Nxd5 6. 0-0 Nc6 7. Nc3 Nb6 8. d3 0-0 9. Be3 h6 10. Qc1 Kh7 11. Rd1 Be6 12. Ne4 Qc8 13. Qc2 Rd8 14. a3 a5 15. Bd2 Bd5 16. Bc3 e5 17. b4 Nd4 18. Bxd4 exd4 19. Nc5 c6 20. Rab1 a4 21. Rdc1 Qc7 22. Qd1 Qe7 23. b5 Ra5 24. bxc6 Rxc5 25. Rxb6 bxc6 26. Ra1 Rb5 27. Rxb5 cxb5 28. Nd2 Be6 29. Rb1 Rb8 30. Rb4 Qc7 31. Nb1 Bb3 32. Qe1 Qc2 0-1

[Event "Reykjavik op"]
[Site "Reykjavik"]
[Date "2018.03.06"]
[Round "1"]
[White "Pein, Jonathan"]
[Black "Kveinys, Aloyzas"]
[Result "0-1"]
[WhiteElo "2184"]
[BlackElo "2511"]
[PlyCount "72"]
[EventDate "2018.03.06"]
[EventType "swiss"]
[EventRounds "9"]
[EventCountry "ISL"]
[SourceTitle "CBM 183 Extra"]
[Source "ChessBase"]
[SourceDate "2018.04.19"]
[SourceVersion "1"]
[SourceVersionDate "2018.04.19"]
[SourceQuality "1"]

1. e4 c5 2. Nf3 e6 3. d4 cxd4 4. Nxd4 a6 5. c4 Nf6 6. Nc3 Qc7 7. a3 b6 8. Be3 Bb7 9. f3 d6 10. Be2 Nbd7 11. 0-0 Be7 12. Qd2 0-0 13. Rfc1 Rac8 14. a4 Qb8 15. a5 bxa5 16. Rxa5 Rfe8 17. Bf1 Bd8 18. Raa1 Bc7 19. Kh1 d5 20. cxd5 exd5 21. Nxd5 Nxd5 22. exd5 Bxh2 23. Rxc8 Bxc8 24. f4 Nf6 25. Nf3 Ne4 26. Qc1 Bg3 27. Bxa6 Bg4 28. Qc6 Nf6 29. Ne5 Qxb2 30. Rc1 Bf5 31. Qb5 Qa3 32. Nc4 Qa2 33. Nd6 Bh3 34. Rg1 Rxe3 35. Qb8+ Ne8 36. Bf1 Bxf4 0-1

[Event "Kragero op"]
[Site "Kragero"]
[Date "2018.02.24"]
[Round "7"]
[White "Kveinys, Aloyzas"]
[Black "Lie, Espen"]
[Result "1/2-1/2"]
[WhiteElo "2550"]
[BlackElo "2473"]
[PlyCount "33"]
[EventDate "2018.02.21"]
[EventType "swiss"]
[EventRounds "9"]
[EventCountry "NOR"]
[SourceTitle "CBM 183 Extra"]
[Source "ChessBase"]
[SourceDate "2018.04.19"]
[SourceVersion "1"]
[SourceVersionDate "2018.04.19"]
[SourceQuality "1"]

1. Nf3 Nf6 2. c4 g6 3. g3 Bg7 4. Bg2 0-0 5. d4 d6 6. 0-0 Nc6 7. Nc3 a6 8. Bf4 Rb8 9. c5 Nh5 10. Be3 d5 11. Qd2 Nf6 12. Rad1 Bf5 13. Nh4 Be6 14. Bh6 Qd7 15. Bxg7 Kxg7 16. Nf3 Rfd8 17. Qf4 1/2-1/2

[Event "Kragero op"]
[Site "Kragero"]
[Date "2018.02.24"]
[Round "6"]
[White "Notkevich, Benjamin Arvola"]
[Black "Kveinys, Aloyzas"]
[Result "1/2-1/2"]
[WhiteElo "2446"]
[BlackElo "2550"]
[PlyCount "117"]
[EventDate "2018.02.21"]
[EventType "swiss"]
[EventRounds "9"]
[EventCountry "NOR"]
[SourceTitle "CBM 183 Extra"]
[Source "ChessBase"]
[SourceDate "2018.04.19"]
[SourceVersion "1"]
[SourceVersionDate "2018.04.19"]
[SourceQuality "1"]

1. e4 c5 2. Nf3 Nc6 3. d4 cxd4 4. Nxd4 g6 5. c4 Nf6 6. Nc3 d6 7. Be2 Nxd4 8. Qxd4 Bg7 9. Be3 0-0 10. Qd2 Be6 11. Rc1 Qa5 12. f3 Rfc8 13. b3 a6 14. Nd5 Qxd2+ 15. Kxd2 Nxd5 16. exd5 Bd7 17. Bd3 b5 18. cxb5 axb5 19. Rxc8+ Bxc8 20. Rc1 b4 21. Rc7 Rxa2+ 22. Kd1 Ra1+ 23. Ke2 Ra2+ 24. Kf1 Ra8 25. Rxe7 Bf6 26. Rc7 Kg7 27. Bf4 Ra1+ 28. Ke2 Ba6 29. Bxa6 Rxa6 30. Kd3 g5 31. Rc6 Ra5 32. Bxd6 Rxd5+ 33. Ke4 Rd2 34. g4 Bc3 35. Rb6 h6 36. h3 Re2+ 37. Kd3 Rd2+ 38. Ke3 Rd1 39. Bxb4 Bd4+ 40. Ke2 Rh1 41. Rd6 Be5 42. Rd5 Kf6 43. Kf2 Ke6 44. Ra5 f6 45. Ra6+ Kf7 46. Ra7+ Ke6 47. Ra6+ Kf7 48. Bc5 Rxh3 49. Ke3 h5 50. Ra7+ Kg6 51. gxh5+ Kf5 52. Ra4 Bf4+ 53. Kf2 Rxh5 54. Bd4 Rh2+ 55. Ke1 Bg3+ 56. Kd1 Be5 57. Bxe5 fxe5 58. Ke1 Rb2 59. Rb4 1/2-1/2

[Event "Aarhus Chess House GM"]
[Site "Aarhus"]
[Date "2018.02.09"]
[Round "1"]
[White "Teplyi, Igor"]
[Black "Kveinys, Aloyzas"]
[Result "1/2-1/2"]
[WhiteElo "2402"]
[BlackElo "2550"]
[PlyCount "65"]
[EventDate "2018.02.09"]
[EventType "tourn"]
[EventRounds "9"]
[EventCountry "DEN"]
[EventCategory "7"]
[SourceTitle "CBM 182 Extra"]
[Source "ChessBase"]
[SourceDate "2018.02.23"]
[SourceVersion "1"]
[SourceVersionDate "2018.02.23"]
[SourceQuality "1"]

1. d4 Nf6 2. c4 e6 3. Nc3 d5 4. cxd5 exd5 5. Bg5 Be7 6. e3 0-0 7. Bd3 Re8 8. Nge2 Nbd7 9. Qc2 Nf8 10. 0-0 Ng6 11. Nf4 c6 12. Rae1 Ng4 13. Bxe7 Rxe7 14. Nxg6 hxg6 15. h3 Nf6 16. f3 Qd6 17. Qf2 c5 18. dxc5 Qxc5 19. e4 Qxf2+ 20. Kxf2 dxe4 21. Nxe4 Nxe4+ 22. Rxe4 Rxe4 23. Bxe4 Be6 24. Rc1 Rd8 25. Ke3 b6 26. a3 g5 27. Rc7 f5 28. Bc2 f4+ 29. Ke4 Bf7 30. Kf5 Rd5+ 31. Ke4 Rd8 32. Kf5 Rd5+ 33. Ke4 1/2-1/2

[Event "Riga President Blitz Cup"]
[Site "Riga"]
[Date "2018.01.27"]
[Round "5"]
[White "Kveinys, Aloyzas"]
[Black "Gorodetzky, David"]
[Result "1/2-1/2"]
[WhiteElo "2547"]
[BlackElo "2411"]
[PlyCount "57"]
[EventDate "2018.01.27"]
[EventType "swiss (blitz)"]
[EventRounds "11"]
[EventCountry "LAT"]
[SourceTitle "CBM 182 Extra"]
[Source "ChessBase"]
[SourceDate "2018.02.23"]
[SourceVersion "1"]
[SourceVersionDate "2018.02.23"]
[SourceQuality "1"]

1. d4 Nf6 2. c4 e6 3. Nc3 Bb4 4. e3 0-0 5. Bd3 c5 6. Nf3 b6 7. 0-0 Bb7 8. Na4 cxd4 9. exd4 Re8 10. a3 Bf8 11. b4 Bxf3 12. Qxf3 Nc6 13. Bb2 e5 14. dxe5 Nxe5 15. Bxe5 Rxe5 16. Rfd1 Rc8 17. g3 g6 18. Nc3 a6 19. c5 bxc5 20. Bxa6 Rb8 21. bxc5 Bxc5 22. Ra2 Qe7 23. Bc4 Rc8 24. Nd5 Nxd5 25. Bxd5 Rf5 26. Qe4 Bxa3 27. Qxe7 Bxe7 28. Bg2 Rc7 29. Bh3 1/2-1/2

[Event "Oberliga Nord W 1718"]
[Site "Germany"]
[Date "2018.01.21"]
[Round "5.2"]
[White "Kveinys, Aloyzas"]
[Black "Tonndorf, Matthias"]
[Result "1-0"]
[WhiteElo "2511"]
[BlackElo "2229"]
[PlyCount "30"]
[EventDate "2017.10.08"]
[EventType "team-tourn"]
[EventRounds "9"]
[EventCountry "GER"]
[SourceTitle "EXT 2019"]
[Source "ChessBase"]
[SourceDate "2018.10.10"]
[SourceVersion "1"]
[SourceVersionDate "2018.10.10"]
[SourceQuality "1"]
[WhiteTeam "Lingen"]
[BlackTeam "Hameln"]
[WhiteTeamCountry "GER"]
[BlackTeamCountry "GER"]

1. e4 c5 2. Nf3 e6 3. d4 cxd4 4. Nxd4 a6 5. c4 b6 6. Nc3 Bb7 7. Be2 d6 8. Bf4 Nd7 9. 0-0 Ngf6 10. Bf3 Qc7 11. Be3 Rc8 12. Rc1 Qb8 13. Qe2 Qa8 14. Nd1 h5 15. Bd2 Ng4 1-0

[Event "Seville op 43rd"]
[Site "Seville"]
[Date "2018.01.13"]
[Round "2"]
[White "Degro, Heiko"]
[Black "Kveinys, Aloyzas"]
[Result "0-1"]
[WhiteElo "2058"]
[BlackElo "2547"]
[PlyCount "72"]
[EventDate "2018.01.12"]
[EventType "swiss"]
[EventRounds "9"]
[EventCountry "ESP"]
[SourceTitle "CBM 182 Extra"]
[Source "ChessBase"]
[SourceDate "2018.02.23"]
[SourceVersion "1"]
[SourceVersionDate "2018.02.23"]
[SourceQuality "1"]

1. e4 c5 2. Nf3 e6 3. c3 Nf6 4. e5 Nd5 5. Bc4 d6 6. Qe2 Be7 7. 0-0 0-0 8. exd6 Qxd6 9. d4 cxd4 10. cxd4 Nc6 11. Rd1 Na5 12. Bxd5 exd5 13. Nc3 Bg4 14. h3 Bh5 15. g4 Bg6 16. Qe5 Rfd8 17. Qxd6 Bxd6 18. Nb5 Be4 19. Ng5 Bc2 20. Rd2 Bg6 21. Nxd6 Rxd6 22. Re2 f6 23. Bf4 Ra6 24. Nf3 Nb3 25. Rd1 Rxa2 26. Nh4 Re8 27. Rxe8+ Bxe8 28. Nf5 Rxb2 29. Ne7+ Kf7 30. Nxd5 Bc6 31. Ne3 g5 32. Bc7 Bf3 33. Rd3 Be2 34. Rc3 Nxd4 35. Bb8 Rb1+ 36. Kg2 Bf3+ 0-1